Encyclopaedia Beliana slovenská všeobecná encyklopédia Šiesty zväzok, His-Im

Bibliographic Details
Corporate Author: Slovenská akadémia vied. Encyklopedický ústav (Author)
Other Authors: Prociková, Anna (Editor)
Format: Book
Language:Slovak
PhysicalDescription:686 s. fotogr. mp., tab. 29 cm
Published: Bratislava Encyklopedický ústav SAV Veda 2010
ISBN:9788097035006
Edition:1. vyd.
Subjects:

MARC

LEADER 00000cam a2200000 a 4500
001 vtls010095963
003 SK-MaSNL
005 20260301030751.0
008 180601s2010 xo abo gre 000 0 slo
015 |a SNBA2011/06-02951 
020 |a 9788097035006  |q (viaz.) 
035 |a 6C5AA6FC-7120-4C82-9CAE-14841C85AD10 
035 |a urn:nbn:sk:snk-am3h5dz 
035 |a urn:nbn:sk:snk-am00cnrp 
040 |a SNK  |b slo  |c SNK  |e AACR2 
041 0 |a slo 
044 |a xo  |c SK 
072 7 |a 030  |x Všeobecné príručkové diela  |2 konspekt 
080 |a 030  |2 2001 
080 |a 0/9  |2 29001 
080 |a (031)  |2 2001 
245 0 0 |a Encyclopaedia Beliana  |b slovenská všeobecná encyklopédia  |n Šiesty zväzok, His-Im  |c [zostavil a redakčne spracoval kolektív pracovníkov Encyklopedického ústavu Slovenskej akadémie vied] 
246 1 8 |a Encyclopaedia Beliana 6 
250 |a 1. vyd. 
260 |a Bratislava  |b Encyklopedický ústav SAV  |b Veda  |c 2010 
300 |a 686 s.  |b fotogr. mp., tab.  |c 29 cm 
504 |a Zoz. skrat. Vysvetl. pre používateľov 
650 0 7 |a všeobecné vedomosti  |2 SNKPH  |9 4163 
650 0 7 |a encyklopédie  |2 SNKPH  |9 81740 
650 0 7 |a General knowledge  |2 SNKPHeng  |9 100175 
655 7 |a encyklopédie  |2 SNKPH  |9 28776 
655 7 |a Encyclopedias  |2 SNKPHeng  |9 90422 
700 1 |a Prociková, Anna  |4 edt  |9 20455 
710 2 |a Slovenská akadémia vied.  |b Encyklopedický ústav  |4 aut  |9 97523 
852 |a Štátna vedecká knižnica v Banskej Bystrici 
919 |a 978-80-970350-0-6 
968 |d 0 
999 |c 575201  |d 577131 
952 |a SNK  |b SNK  |y VYP  |7 0  |p 17A0691063  |o snkSB 60879/6 D1  |i snk2011/5760  |8 0  |0 0  |1 0  |4 0  |d 2011-03-14  |l 0  |r 2026-02-23 14:30:09  |w 2026-02-23 
952 |a SNK  |b SNK  |y PREZ  |7 0  |p 17A0691064  |o snkSB 60879/6  |i snk2011/5759  |8 0  |0 0  |1 0  |4 0  |d 2011-03-14  |f 1  |l 0  |r 2025-04-11 00:00:00  |w 2026-02-23 
952 |a SNK  |b SNK  |y VYP  |7 0  |p 17A0810010  |o snkSB 60879/6 D3  |i snk2012/25222  |8 3  |g 63.00  |0 0  |1 0  |4 0  |d 2012-12-05  |l 0  |r 2026-02-23 14:30:09  |w 2026-02-23 
952 |a SNK  |b SNK  |y VYP  |7 0  |p 17A0810015  |o snkSB 60879/6 D4  |i snk2012/25229  |8 3  |g 63.00  |0 0  |1 0  |4 0  |d 2012-12-05  |l 0  |r 2026-02-23 14:30:09  |w 2026-02-23 
952 |a SNK  |b SNK  |y VYP  |7 0  |p 17A0810009  |o snkSB 60879/6 D5  |i snk2012/25230  |8 3  |g 63.00  |0 0  |1 0  |4 0  |d 2012-12-05  |l 0  |r 2026-02-23 14:30:09  |w 2026-02-23 
952 |a SNK  |b SNK  |y VYP  |7 0  |p 17A0810007  |o snkSB 60879/6 D7  |i snk2012/25271  |8 3  |g 63.00  |0 0  |1 0  |4 0  |d 2012-12-06  |l 0  |r 2026-02-23 14:30:09  |w 2026-02-23 
952 |a SNK  |b SNK  |y VYP  |7 0  |p 17A0810006  |o snkSB 60879/6 D8  |i snk2012/25277  |8 3  |g 63.00  |0 0  |1 0  |4 0  |d 2012-12-06  |l 0  |r 2026-02-23 14:30:09  |w 2026-02-23 
952 |a SNKPRIRUCN  |b SNKPULT  |y VYP  |7 0  |p 17A0810005  |o snkSB 60879/6 D9  |i snk2012/25278  |8 3  |g 63.00  |3 Vrátené z príručnej knižnice  |0 0  |1 0  |4 0  |d 2012-12-06  |l 1  |q 2026-08-18  |r 2026-03-27 14:15:11  |s 2026-03-27  |w 2026-02-23 
952 |a SNK  |b SNK  |y VYP  |7 0  |p 17A0810014  |o snkSB 60879/6 D10  |i snk2012/25279  |8 3  |g 63.00  |0 0  |1 0  |4 0  |d 2012-12-06  |l 0  |r 2026-02-23 14:30:09  |w 2026-02-23 
952 |a SNK  |b SNK  |y VYP  |7 0  |p 17A0810000  |o snkSB 60879/6 D12  |i snk2012/25285  |8 3  |g 63.00  |0 0  |1 0  |4 0  |d 2012-12-06  |l 0  |r 2026-02-23 14:30:09  |w 2026-02-23 
952 |a SNKPRIRUCN  |b SNKPULT  |y VYP  |7 0  |p 17A0810013  |o snkSB 60879/6 D13  |i snk2012/25287  |8 3  |g 63.00  |0 0  |1 0  |4 0  |d 2012-12-06  |l 1  |q 2026-10-28  |r 2026-03-27 14:19:14  |s 2026-03-27  |w 2026-02-23 
952 |a SNKPRIRUCN  |b SNKPULT  |y VYP  |7 0  |p 17A0810012  |o snkSB 60879/6 D14  |i snk2012/25291  |8 3  |g 63.00  |3 Vrátené zpríručnej knižnice  |0 0  |1 0  |4 0  |d 2012-12-06  |l 1  |q 2021-09-03  |r 2026-03-27 14:45:42  |s 2026-03-27  |w 2026-02-23 
952 |t snkBEL/6 030  |a SNKUST  |b SNKUST  |y PREZ  |7 0  |p 17A0810011  |o snkSB 60879/6 D15  |i snk2012/25303  |8 3  |g 63.00  |3 Príručná knižnica  |0 0  |1 0  |4 0  |d 2012-12-06  |l 0  |r 2025-03-19 00:00:00  |w 2026-02-23 
952 |a SNKLM  |b SNKLM  |y NEVYP  |7 0  |p 17A0809905  |o snkSB 60879/6 D2  |i snk2012/23191  |8 3  |g 66.50  |3 Vrátené z príručnej knižnice  |0 0  |1 0  |4 0  |d 2012-11-13  |l 0  |r 2026-02-23 14:30:10  |w 2026-02-23 
952 |a SNK  |b SNK  |c SNK_STHKF  |y PREZ  |7 0  |p 17A0810008  |o snkSB 60879/6 D6  |i snk2012/25231  |8 3  |g 63.00  |0 0  |1 0  |4 0  |d 2012-12-05  |l 0  |r 2026-02-23 14:30:10  |w 2026-02-23 
952 |a SNKLA  |b SNKLA  |c SNKLA_ST  |y PREZ  |7 0  |p 17A0810004  |o snkSB 60879/6 D11  |i snk2012/25280  |8 3  |g 63.00  |0 0  |1 0  |4 0  |d 2012-12-06  |l 0  |r 2026-02-23 14:30:10  |w 2026-02-23